[Event "Lucky op 2nd"]
[Site "Hamburg"]
[Date "1999.10.18"]
[Round "5"]
[White "Goetz, Rudolf"]
[Black "Eggers, Heiko"]
[Result "1-0"]
[WhiteElo "1714"]
[BlackElo "1044"]
[PlyCount "43"]
[EventDate "1999.10.??"]
[EventType "swiss"]
[EventRounds "9"]
[EventCountry "GER"]
[SourceTitle "EXT 2001"]
[Source "ChessBase"]
[SourceDate "2000.11.22"]
[SourceVersion "1"]
[SourceVersionDate "2000.11.22"]
[SourceQuality "1"]

1. e4 g6 2. d4 d6 3. Bc4 Bg7 4. Qf3 Nf6 5. e5 dxe5 6. Ne2 exd4 7. 0-0 0-0 8. Bg5 c5 9. Nd2 Qb6 10. Rfe1 Bf5 11. Bb3 Nc6 12. Ng3 Bxc2 13. Bxc2 Qxb2 14. Bb3 h6 15. Bxf6 Bxf6 16. Nge4 d3 17. Rab1 Qd4 18. Qg3 Be5 19. Qxg6+ Bg7 20. Nf3 Ne5 21. Qg3 c4 22. Nxd4 1-0

[Event "Lucky op 2nd"]
[Site "Hamburg"]
[Date "1999.10.17"]
[Round "3"]
[White "Goetz, Rudolf"]
[Black "Mueller, Julian"]
[Result "0-1"]
[WhiteElo "1714"]
[BlackElo "1375"]
[PlyCount "80"]
[EventDate "1999.10.??"]
[EventType "swiss"]
[EventRounds "9"]
[EventCountry "GER"]
[SourceTitle "EXT 2001"]
[Source "ChessBase"]
[SourceDate "2000.11.22"]
[SourceVersion "1"]
[SourceVersionDate "2000.11.22"]
[SourceQuality "1"]

1. e4 c5 2. Nf3 e6 3. d4 cxd4 4. Nxd4 a6 5. Nc3 Nc6 6. Be3 Qc7 7. a3 b5 8. g3 Nf6 9. Bg2 Bb7 10. 0-0 b4 11. axb4 Bxb4 12. Na4 0-0 13. c3 Be7 14. Ne2 Nd8 15. Nb6 Rb8 16. e5 Nd5 17. Nxd5 Bxd5 18. Bxd5 exd5 19. Nf4 Ne6 20. Nxd5 Qd8 21. b4 f5 22. f4 g5 23. Nxe7+ Qxe7 24. fxg5 Nxg5 25. Bc5 Qxe5 26. Qh5 Ne4 27. Bxf8 Rxf8 28. g4 Qxc3 29. gxf5 Qd4+ 30. Kg2 Qd2+ 31. Kh3 Nf2+ 32. Kg3 Ne4+ 33. Kf3 Qd3+ 34. Kf4 Nf6 35. Qg5+ Kh8 36. Rae1 Qd2+ 37. Re3 Nd5+ 38. Kf3 Nxe3 39. Qxe3 Rxf5+ 40. Ke4 Qxe3+ 0-1